00797 2200301 4500001002100000005001500021035002000036007000300056040001700059100003900076245003600115250001200151300003600163504002900199020001800228041000800246082000800254084001400262090001900276264003900295336002100334337003000355338002300385650001300408850001000421008004100431990002300472INLIS00000000000756320260602110241 a0010-0922000052ta aSBPUPADbInd0 aTim Redaksi Vita HealthePengarang1 aAsma /cTim Redaksi Vita Health a.-Cet.1 a180 hlm :billus, ;c15 x 23 cm aBibliografi hlm. 178-180 a979.22-1380-507aInd a616 a616 VIT a a616 VIT a 18-1 a.--Jakarta :bPustaka Utama,c2005 2rdacontentateks 2rdamediaatanpa perantara 2rdacarrieravolume 4aPenyakit aPUPAD260602 0  a0735/BR/ARPUS/2006